Kde končí informace a začíná edukace zákazníků v praxi komunikačních agentur

Tento článok skúma kľúčovú úlohu, ktorú zohrávajú komunikačné agentúry pri transformácii informácií do vzdelávania zákazníkov. Zdôrazňuje, že agentúry musia ísť nad rámec jednoduchého odovzdávania informácií. Musia zaujať, vzdelávať, dokonca zabávať a inšpirovať svoje publikum, zabezpečiť im pohlcuj...

Descrizione completa

Salvato in:
Dettagli Bibliografici
Autore principale: Knihová, Ladislava
Natura: Capitolo di libro
Lingua:ceco
Soggetti:
Tags: Aggiungi Tag
Nessun Tag, puoi essere il primo ad aggiungerne!!

MARC

LEADER 00000naa a2200000 4500
001 0304569
005 20241014084053.9
041 0 |a cze 
044 |a CZ 
245 1 0 |a Kde končí informace a začíná edukace zákazníků v praxi komunikačních agentur  |c Ladislava Knihová 
520 |a Tento článok skúma kľúčovú úlohu, ktorú zohrávajú komunikačné agentúry pri transformácii informácií do vzdelávania zákazníkov. Zdôrazňuje, že agentúry musia ísť nad rámec jednoduchého odovzdávania informácií. Musia zaujať, vzdelávať, dokonca zabávať a inšpirovať svoje publikum, zabezpečiť im pohlcujúce zážitky so svojimi klientmi a posilniť ich postavenie na trhu. 
610 2 0 |a agentúry reklamné 
610 2 0 |a zákazníci 
610 2 0 |a značky 
610 2 0 |a dôvera 
100 1 |a Knihová, Ladislava